Organizational behavior. (Record no. 4915)

MARC details
000 -CABECERA
campo de control de longitud fija 02521pam a22003731i 4500
001 - NÚMERO DE CONTROL
campo de control 991017447159707026
003 - IDENTIFICADOR DEL NÚMERO DE CONTROL
campo de control UkOxU
005 - FECHA Y HORA DE LA ÚLTIMA TRANSACCIÓN
campo de control 20250908081012.0
006 - CÓDIGOS DE INFORMACIÓN DE LONGITUD FIJA--CARACTERÍSTICAS DEL MATERIAL ADICIONAL
campo de control de longitud fija m || d |
007 - CAMPO FIJO DE DESCRIPCIÓN FÍSICA--INFORMACIÓN GENERAL
campo de control de longitud fija cr |||||||||||
008 - DATOS DE LONGITUD FIJA--INFORMACIÓN GENERAL
campo de control de longitud fija 221122s2023 njua ob 001|0|eng|d
015 ## - NÚMERO DE BIBLIOGRAFÍA NACIONAL
Número de bibliografía nacional GBC2L5303
Fuente bnb
020 ## - NÚMERO INTERNACIONAL ESTÁNDAR DEL LIBRO
Número Internacional Estándar del Libro 9780137687114
035 ## - NÚMERO DE CONTROL DEL SISTEMA
Número de control de sistema 023269690-44oxf_inst
035 ## - NÚMERO DE CONTROL DEL SISTEMA
Número de control de sistema (UkOxU)023269690
035 ## - NÚMERO DE CONTROL DEL SISTEMA
Número de control de sistema (Uk)020824487
037 ## - FUENTE DE ADQUISICIÓN
Número de adquisición 9781292449968
Fuente del número de adquisición Pearson UK
040 ## - FUENTE DE LA CATALOGACIÓN
Centro catalogador/agencia de origen StDuBDS
Lengua de catalogación eng
Normas de descripción rda
-- pn
Centro/agencia transcriptor StDuBDS
Centro/agencia modificador Uk
041 ## - CÓDIGO DE LENGUA
Código de lengua del texto/banda sonora o título independiente English
042 ## - CÓDIGO DE AUTENTICACIÓN
Código de autenticación ukblsr
100 ## - ENTRADA PRINCIPAL--NOMBRE DE PERSONA
Nombre de persona Robbins, Stephen P.
Fechas asociadas al nombre 1943-
Término indicativo de función/relación author.
URI de un objeto del mundo real https://isni.org/isni/0000000121388460
245 10 - MENCIÓN DE TÍTULO
Título Organizational behavior.
250 ## - MENCIÓN DE EDICIÓN
Mención de edición Nineteenth edition
Resto de la mención de edición / Stephen P. Robbins, Timothy A. Judge.
264 #1 - PRODUCCIÓN, PUBLICACIÓN, DISTRIBUCIÓN, FABRICACIÓN Y COPYRIGHT
Producción, publicación, distribución, fabricación y copyright Upper Saddle River :
Nombre del de productor, editor, distribuidor, fabricante Pearson,
Fecha de producción, publicación, distribución, fabricación o copyright 2023.
300 ## - DESCRIPCIÓN FÍSICA
Extensión 1 online resource :
Otras características físicas illustrations (black and white, and colour).
500 ## - NOTA GENERAL
Nota general Academic
504 ## - NOTA DE BIBLIOGRAFÍA, ETC.
Nota de bibliografía, etc. Includes bibliographical references and index.
505 0# - NOTA DE CONTENIDO CON FORMATO
Nota de contenido con formato PART 1: INTRODUCTION — What Is Organizational Behavior? — PART 2: THE INDIVIDUAL — Diversity, Equity, and Inclusion in Organizations — Job Attitudes — Emotions and Moods — Personality and Individual Differences — Perception and Individual Decision Making — Motivation Concepts — Motivation: From Concepts to Applications — PART 3: THE GROUP — Foundations of Group Behavior — Understanding Work Teams — Communication — Leadership — Power and Politics — Conflict and Negotiation — Foundations of Organization Structure — PART 4: THE ORGANIZATION SYSTEM — Organizational Culture and Change — Human Resources Systems and Practices — Stress and Health in Organizations — Comprehensive Cases.
520 ## - SUMARIO, ETC.
Sumario, etc. Organizational Behavior provides the information you want, when you want it. Reflecting the most recent research and events within the field of OB, the 19th Edition continues its hallmark focus on clear writing, cutting-edge content, and intuitive pedagogy. There's a reason why Robbins's textbooks have educated millions of students and have been translated into 20 languages: because of a commitment to provide engaging, cutting-edge material that helps you understand and connect with this important field of study.
650 #0 - PUNTO DE ACCESO ADICIONAL DE MATERIA--TÉRMINO DE MATERIA
Término de materia o nombre geográfico como elemento de entrada Organizational behavior
9 (RLIN) 2566
700 ## - ENTRADA AGREGADA--NOMBRE PERSONAL
Nombre de persona Judge, Timothy A
Término indicativo de función/relación author.
URI de un objeto del mundo real https://isni.org/isni/0000000063141215
9 (RLIN) 20548
856 ## - LOCALIZACIÓN Y ACCESO ELECTRÓNICOS
Identificador Uniforme del Recurso <a href="https://bibliotheque.tbs-education.fr/Default/doc/SYRACUSE/3386425/organizational-behavior">https://bibliotheque.tbs-education.fr/Default/doc/SYRACUSE/3386425/organizational-behavior</a>
942 ## - ELEMENTOS DE ENTRADA AGREGADA (KOHA)
Fuente del sistema de clasificación o colocación Clasificación de Library of Congress
Holdings
Estado de retiro Estado de pérdida Fuente del sistema de clasificación o colocación Estado dañado No para préstamo Biblioteca de origen Biblioteca actual Fecha de adquisición Total de préstamos Fecha visto por última vez Número de copia Identificador Uniforme del Recurso Precio válido a partir de Tipo de ítem Koha Nota pública
    Clasificación de Library of Congress     TBS Barcelona TBS Barcelona 08/09/2025   08/09/2025 1 https://bibliotheque.tbs-education.fr/Default/doc/SYRACUSE/3386425/organizational-behavior 08/09/2025 eBook ebook

Powered by Koha